MARC details
| 000 -CABECERA |
| campo de control de longitud fija |
01442nam a22003737a 4500 |
| 001 - NÚMERO DE CONTROL |
| campo de control |
vtls000012597 |
| 003 - IDENTIFICADOR DEL NÚMERO DE CONTROL |
| campo de control |
ES-BaIT |
| 005 - FECHA Y HORA DE LA ÚLTIMA TRANSACCIÓN |
| campo de control |
20220514062521.0 |
| 007 - CAMPO FIJO DE DESCRIPCIÓN FÍSICA--INFORMACIÓN GENERAL |
| campo de control de longitud fija |
t| |
| 008 - DATOS DE LONGITUD FIJA--INFORMACIÓN GENERAL |
| campo de control de longitud fija |
200210s1985 spc|||||| |00| |cat|d |
| 010 ## - NÚMERO DE CONTROL DE LA BIBLIOTECA DEL CONGRESO |
| Número de control de LC |
12597 |
| 020 ## - NÚMERO INTERNACIONAL ESTÁNDAR DEL LIBRO |
| Número Internacional Estándar del Libro |
8429722599 |
| 035 ## - NÚMERO DE CONTROL DEL SISTEMA |
| Número de control de sistema |
0012-59760 |
| -- |
ES-BaIT035 |
| 039 #9 - NIVEL DE CONTROL BIBLIOGRÁFICO Y DETALLES DE CODIFICACIÓN [OBSOLETO] |
| Nivel de reglas en descripción bibliográfica |
202002101529 |
| Nivel de esfuerzo utilizado para asignar no-encabezamientos de materia en puntos de acceso |
VLOAD |
| Nivel de esfuerzo utilizado en la asignación de encabezamientos de materia |
201403072159 |
| Nivel de esfuerzo utilizado para asignar clasificación |
VLOAD |
| Nivel de esfuerzo utilizado en la asignación de encabezamientos de materia |
201303091855 |
| Nivel de esfuerzo utilizado para asignar clasificación |
VLOAD |
| -- |
201110052243 |
| -- |
VLOAD |
| 080 ## - NÚMERO DE LA CLASIFICACIÓN DECIMAL UNIVERSAL |
| Número de la Clasificación Decimal Universal |
849.9-2"19" |
| 040 ## - FUENTE DE LA CATALOGACIÓN |
| Centro catalogador/agencia de origen |
ES-BaIT |
| Lengua de catalogación |
cat |
| 100 ## - ENTRADA PRINCIPAL--NOMBRE DE PERSONA |
| Nombre de persona |
Benet i Jornet, Josep M., |
| Fechas asociadas al nombre |
1940-2020 |
| 9 (RLIN) |
154369 |
| 245 10 - MENCIÓN DE TÍTULO |
| Título |
Dins la catedral : |
| Resto del título |
Josafat ; seguit de Rosa, o, El primer teatre / |
| Mención de responsabilidad, etc. |
Josep M. Benet i Jornet |
| 260 ## - PUBLICACIÓN, DISTRIBUCIÓN, ETC. |
| Lugar de publicación, distribución, etc. |
Barcelona : |
| Nombre del editor, distribuidor, etc. |
Edicions 62, |
| Fecha de publicación, distribución, etc. |
1985 |
| 300 ## - DESCRIPCIÓN FÍSICA |
| Extensión |
57 p.; |
| Dimensiones |
18 cm |
| 490 1# - MENCIÓN DE SERIE |
| Mención de serie |
Els Llibres de l'escorpí. |
| -- |
Teatre |
| -- |
67079 |
| 490 1# - MENCIÓN DE SERIE |
| Mención de serie |
El Galliner ; |
| Designación de volumen o secuencia |
86 |
| -- |
67080 |
| 500 ## - NOTA GENERAL |
| Nota general |
849.9-2"19"BEN 3 DIN |
| 590 ## - NOTA LOCAL (RLIN) |
| Nota local |
0012-59760 |
| 830 #4 - PUNTO DE ACCESO ADICIONAL DE SERIE-TÍTULO UNIFORME |
| Título uniforme |
Els Llibres de l'escorpí. |
| Nombre de parte o sección de la obra |
Teatre |
| 9 (RLIN) |
67079 |
| 830 #3 - PUNTO DE ACCESO ADICIONAL DE SERIE-TÍTULO UNIFORME |
| Título uniforme |
El Galliner ; |
| Designación de volumen o secuencia |
86 |
| 9 (RLIN) |
67080 |
| 917 ## - |
| -- |
FALTA MATÈRIA |
| 949 ## - PROCESAMIENTO DE INFORMACIÓN LOCAL (OCLC) |
| -- |
VIRTUAITEM |
| -- |
10040 |
| -- |
10040 |
| -- |
1 |
| 6 |
1900021649 |
| a |
849 BENE din |
| o |
R.27.639 |
| 949 ## - PROCESAMIENTO DE INFORMACIÓN LOCAL (OCLC) |
| -- |
VIRTUAITEM |
| -- |
10000 |
| -- |
10000 |
| -- |
1 |
| 6 |
1900021650 |
| a |
N-34246 |
| o |
R.27.640 |
| 949 ## - PROCESAMIENTO DE INFORMACIÓN LOCAL (OCLC) |
| -- |
VIRTUAITEM |
| -- |
40021 |
| -- |
40021 |
| -- |
1 |
| 6 |
1900000509 |
| a |
849 BENE din |
| o |
R.3.442 |
| 949 ## - PROCESAMIENTO DE INFORMACIÓN LOCAL (OCLC) |
| -- |
VIRTUAITEM |
| -- |
40021 |
| -- |
40021 |
| -- |
1 |
| 6 |
1900000510 |
| a |
849 BENE din |
| o |
R.3.469 |
| 949 ## - PROCESAMIENTO DE INFORMACIÓN LOCAL (OCLC) |
| -- |
VIRTUAITEM |
| -- |
50000 |
| -- |
50000 |
| -- |
1 |
| 6 |
1900003341 |
| a |
849 BENE din |
| o |
R.1.368 |
| 949 ## - PROCESAMIENTO DE INFORMACIÓN LOCAL (OCLC) |
| -- |
VIRTUAITEM |
| -- |
10000 |
| -- |
10000 |
| -- |
1 |
| 6 |
1001802901 |
| a |
18.029-N |